इंटर आगमन तर्कशास्त्र (Record no. 952)
[ view plain ]
| 000 -LEADER | |
|---|---|
| fixed length control field | 01289 a2200253 4500 |
| 005 - DATE AND TIME OF LATEST TRANSACTION | |
| control field | 2008090301451.0 |
| 008 - FIXED-LENGTH DATA ELEMENTS--GENERAL INFORMATION | |
| fixed length control field | 080903t xxu||||| |||| 00| 0 hin d |
| 010 ## - LIBRARY OF CONGRESS CONTROL NUMBER | |
| LC control number | HIN-78888 |
| 020 ## - INTERNATIONAL STANDARD BOOK NUMBER | |
| Terms of availability | 54.00 |
| International Standard Book Number | 8177097091 |
| 035 ## - SYSTEM CONTROL NUMBER | |
| System control number | HN-51234 |
| 037 ## - SOURCE OF ACQUISITION | |
| Source of stock number/acquisition | D.B.Act / pub |
| 082 ## - DEWEY DECIMAL CLASSIFICATION NUMBER | |
| Classification number | 160 |
| 100 ## - MAIN ENTRY--PERSONAL NAME | |
| Personal name | झा, शत्रुध्न |
| 245 ## - TITLE STATEMENT | |
| Title | इंटर आगमन तर्कशास्त्र |
| Statement of responsibility, etc | शत्रुध्न झा |
| Remainder of title | बिहार इंटरमीडिएट शिक्षा परिषद के नवीन पाठ्यक्रम पर आधृत |
| 246 ## - VARYING FORM OF TITLE | |
| Title proper/short title | Inter Aagman Tarkshastra |
| Remainder of title | by Shatrughan Jha |
| 250 ## - EDITION STATEMENT | |
| Edition statement | 3रा संस्क |
| 260 ## - PUBLICATION, DISTRIBUTION, ETC. (IMPRINT) | |
| Place of publication, distribution, etc | पटना |
| Name of publisher, distributor, etc | भारती भवन |
| Date of publication, distribution, etc | 2006 |
| 270 ## - ADDRESS | |
| Address | ठाकुरबाड़ी रोड़, कदमकुआँ |
| City | पटना |
| Postal code | 800003 |
| 300 ## - PHYSICAL DESCRIPTION | |
| Extent | 246पृ |
| Dimensions | 22सेमी (अजिल्द) |
| 650 ## - SUBJECT ADDED ENTRY--TOPICAL TERM | |
| Topical term or geographic name as entry element | तर्कशास्त्र |
| 700 ## - ADDED ENTRY--PERSONAL NAME | |
| Personal name | मिश्र, सुनील चंद्र |
| 942 ## - ADDED ENTRY ELEMENTS (KOHA) | |
| Institution code [OBSOLETE] | dpl |
| Koha item type | Hindi Books |
| Call number prefix | 160 / झाशत्रु |
| Source of classification or shelving scheme | Dewey Decimal Classification |
| Classification part | 160 |
| Call number suffix | झाशत्र |
| Withdrawn status | Lost status | Damaged status | Not for loan | Collection code | Home library | Current library | Date acquired | Cost, normal purchase price | Total Checkouts | Full call number | Barcode | Date last seen | Copy number | Uniform Resource Identifier | Cost, replacement price | Price effective from | Koha item type |
|---|---|---|---|---|---|---|---|---|---|---|---|---|---|---|---|---|---|
| Not For Loan | Non-fiction | D.B.Act.Division | D.B.Act.Division | 03/09/2008 | 54.00 | 160 झाशत्रु | HN-51234 | 15/09/2008 | 1 | 1016 | 54.00 | 15/09/2008 | Hindi Books |
